| 000 | 00826nam a22001937a 4500 | ||
|---|---|---|---|
| 005 | 20180803165632.0 | ||
| 008 | 150305b2011 -cn||||| |||| 00| 0 eng d | ||
| 020 | _a9292253638 | ||
| 040 |
_aCO-BOIAvH _cCO-BOIAvH |
||
| 041 | _aeng | ||
| 082 | 0 | 4 |
_a333.9516 _bS44l |
| 111 |
_aTenth meeting by the conference of the parties to the convention on biological cdiversity _cNagoya, _d18-29 october, 2010 _n10 |
||
| 245 |
_aLife in harmony, into the future: _bDecisions adopted by the Conference of the Parties to the Secretariat of the Convention on Biological Diversity at its tenth meeting. |
||
| 260 |
_aNagoya: _bSecretariat of the Convention on Biological Diversity, _c2011. |
||
| 300 |
_a349 p. _c21 cm. |
||
| 650 | 4 | _aBiodiversidad | |
| 650 | 4 | _aProtección de los recursos naturales | |
| 942 |
_2ddc _cLIBRO |
||
| 999 |
_c9084 _d9084 |
||